| 000 | 00773cam a22002294a 4500 | ||
|---|---|---|---|
| 001 | 13403331 | ||
| 005 | 20180109033526.0 | ||
| 008 | 031114s2005 maua b 001 0 eng | ||
| 010 | _a 2003067467 | ||
| 020 | _a0072920963 | ||
| 040 |
_aDLC _cDLC _dDLC |
||
| 041 | _aeng | ||
| 080 | _a155.9 | ||
| 082 | 0 | 0 |
_a155.9 SPE _222 |
| 100 | 1 | _a46 | |
| 101 | _aEDU | ||
| 245 | 1 | 4 |
_aThe last dance : _cLynne Ann DeSpelder, Albert Lee Strickland. |
| 504 | _aIncludes bibliographical references (p. 555-640) and index. | ||
| 906 |
_a7 _bcbc _corignew _d1 _eocip _f20 _gy-gencatlg |
||
| 942 |
_2ddc _cBK |
||
| 999 |
_c39823 _d39823 |
||